000 00383nam a2200157Ia 4500
008 221030s9999 xx 000 0 und d
020 _a8185749671
041 _aEnglish
082 _a105.23
_bPra
100 _aP. Prasad
245 0 _aApplied Indian Communication Techniques
260 _bS.K. Kataria & Sons
_aNew Delhi
_c2000
300 _a321
650 _aEnglish
942 _cBK
999 _c6686
_d6686